Statistics for Most Expensive Summer Transfers of 2023/24 (So Far)

Click here to take the quiz!

General Stats

  • This quiz has been taken 81 times
    (68 since last reset)
  • The average score is 10 of 11

Answer Stats

FeeFrom => ToAnswer% Correct
€103mBorussia Dortmund => Real MadridJude Bellingham
100%
€70mChelsea => ArsenalKai Havertz
98%
€64.2mChelsea => Manchester UnitedMason Mount
95%
€42mBrighton => LiverpoolAlexis Mac Allister
92%
€46.3mLeicester City => TottenhamJames Maddison
92%
€55mWolves => Al HilalRuben Neves
88%
€64mAC Milan => Newcastle UnitedSandro Tonali
88%
€60mRB Leipzig => ChelseaChrisropher Nkunku
87%
€70mRB Leipzig => LiverpoolDominik Szoboszlai
87%
€40mSporting Lisbon => TottenhamPedro Porro
70%
€37mVillarreal => ChelseaNicolas Jackson
67%

Score Distribution

Percentile by Number Answered

Percent of People with Each Score

Your Score History

You have not taken this quiz since the last reset